| 000 | 01086nam a22002415a 4500 | ||
|---|---|---|---|
| 003 | OSt | ||
| 005 | 20170323122026.0 | ||
| 008 | 170209s2008 ua frb 000 0 ara d | ||
| 040 |
_aEG-ScBUE _bara _cEG-ScBUE |
||
| 043 | _af-ua--- | ||
| 082 | 0 | 4 |
_a346.620437 _bع ب د _222 |
| 100 | 1 | _aعبد السلام، سعيد سعد. | |
| 245 | 1 | 2 |
_aالوجيز في أحكام قانون الشهر العقاري والسجل العيني : _bالدعاوي واجبة الشهر - أثر البيع غير المسجل - نماذج عملية للشهر العقاري / _cتأليف سعيد سعد عبد السلام. |
| 250 | _aط. 1. | ||
| 260 |
_aالقاهرة : _bدار النهضة العربية، _c2008. |
||
| 300 |
_a171 ص. ؛ _c24 سم. |
||
| 504 | _aيشتمل على إرجاعات ببليوجرافية. | ||
| 650 | 7 |
_aالشهر العقاري _xقوانين وتشريعات _zمصر. _2BUEsh |
|
| 650 | 7 |
_aالتوثيق العقاري _xقوانين وتشريعات _zمصر. _2BUEsh |
|
| 651 | _2BUEsh | ||
| 653 |
_bLLAAWW _cFebruary2017 _cMarch2017 |
||
| 942 | _2ddc | ||
| 999 |
_c24105 _d24077 |
||